00870cam a22002537a 450000500170000000800410001701000100005801100100006803500100007808200190008811000710010724500720017825000100025026000530026030000100031359000410032359000420036465000400040665000260044665000470047290100070051994900730052699900170059920220329141130.0971010s1988 r 00010 d a63123 a64095 a69218 a631.8bG7 1988 aGran Bretaña. Ministry of Agriculture, Fisheries and Food950316 0aFertilizer recommendations for agricultural and horticultural crops a5 ed. aLondon :bHer Majesty's Stationery office,c1988 a34 p. aBATCH-UPDb10c20130110lUCH01h1713 aCONVERSIONb10c20130109lUCH01h133414aFertilizantes para cultivos.94061814aFertilizantes.94044714aFertilizantesxEfecto en legumbres.940521 aBK a631.8 G7 1988bScLIBROd-1389eLIBROgI. c/eh3472i69218sit28.50 c63123d63123